[Event "22nd OIBM 2018"]
[Site "Gmund am Tegernsee"]
[Date "2018.10.30"]
[Round "4"]
[White "Gueci, Tea"]
[Black "Firouzja, Alireza"]
[Result "0-1"]
[WhiteElo "2166"]
[BlackElo "2600"]
[Annotator "TA"]
[PlyCount "50"]
[EventDate "2018.10.27"]
[EventType "swiss"]
[EventCountry "GER"]
[SourceTitle "playchess.com"]
[Source "ChessBase"]
[SourceQuality "1"]

{[%evp 22,50,31,5,18,-29,0,-86,-69,-84,-100,-91,-69,-55,-55,-171,-102,-148,-115,-151,-150,-298,-268,-308,-253,-475,-476,-632,-568,-635,-636]} 1. e4 c5 2. Nf3 d6 3. d4 cxd4 4. Nxd4 Nf6 5. Nc3 a6 6. h3 e6 7. g4 Be7 {B81: Sicilian Scheveningen: Keres Attack} 8. g5 Nfd7 9. Be3 b5 10. a3 Bb7 11. h4 Nc6 {[%cal Bb8c6,Bc6e5,Be5d7][%mdl 32]} 12. Bg2 {LiveBook: 4 Games} O-O 13. Qe2 $146 ({Predecessor:} 13. g6 hxg6 14. h5 g5 15. Qd2 Nce5 16. b3 {0-1 (73) Quparadze,G (2481)-Grischuk,A (2737) Doha 2016}) 13... Nce5 14. b3 (14. f4 $11 Nc4 15. O-O-O) 14... Rc8 15. Nd1 Nc5 16. f3 Ned7 17. a4 b4 18. Bd2 {[#]} (18. Nf2 $15) 18... d5 (18... g6 $1 $19 19. Qf2 e5) 19. e5 Qc7 $36 {[%mdl 2048] White is under strong pressure.} 20. f4 Ne4 {White must now prevent ...Ng3.} 21. Bxe4 (21. Rh3 $17 {was worth a try.}) 21... dxe4 $19 {[%cal Bd5e4,Be4e3][%mdl 32]} 22. Be3 Bc5 23. Ra2 $2 (23. a5) 23... Rfd8 {Black is clearly winning.} 24. Qf2 Bxd4 25. Bxd4 {[#]} e3 $1 {[%mdl 512] Precision: White = 15%, Black = 44%.} 0-1

[Event "22nd OIBM 2018"]
[Site "Gmund am Tegernsee"]
[Date "2018.10.30"]
[Round "4"]
[White "Engel, Johannes"]
[Black "Andersson, Ulf"]
[Result "0-1"]
[WhiteElo "2165"]
[BlackElo "2530"]
[Annotator "TA"]
[PlyCount "64"]
[EventDate "2018.10.27"]
[EventType "swiss"]
[EventCountry "GER"]
[SourceTitle "playchess.com"]
[Source "ChessBase"]
[SourceQuality "1"]

{[%evp 13,64,-20,-7,-39,-45,-84,-96,-93,-100,-93,-60,-94,-65,-56,-25,-109,-105,-106,-111,-104,-100,-148,-159,-156,-180,-160,-172,-179,-185,-186,-171,-202,-207,-215,-208,-418,-429,-857,-483,-815,-346,-493,-270,-244,-207,-198,-209,-213,-209,-250,-227,-306,-285]} 1. d4 Nf6 2. c4 e6 3. Nc3 Bb4 4. Qc2 c5 5. e3 O-O 6. Bd3 d5 7. Nf3 Nc6 {LiveBook: 4 Games} 8. a3 {E38: Nimzo-Indian: Classical: 4...c5} (8. dxc5 Bxc5 9. a3 dxc4 10. Bxc4 Bd7 11. O-O Rc8 12. Rd1 Qc7 13. b4 Be7 14. Bb2 Nxb4 15. axb4 Qxc4 16. Rd4 Qc7 17. Rh4 h6 18. Rxa7 Rfd8 19. Qb1 Nh7 {0-1 (67) Manolache,M (2545)-Zoler,D (2509) Tel Aviv 2011}) 8... cxd4 9. exd4 dxc4 10. Be2 {Black is better.} Bxc3+ 11. bxc3 b6 $146 ({Predecessor:} 11... Qd5 12. O-O e5 13. dxe5 Nxe5 14. Nxe5 Qxe5 15. Bxc4 Ng4 {0-1 (29) Ziegler,A (1815)-Cafferty,B (2239) Grieskirchen 1998}) 12. O-O Bb7 13. Bxc4 h6 14. Qe2 (14. Bd3 $11) 14... Rc8 $17 15. Bd2 Na5 16. Ba2 Bd5 17. c4 Bxc4 18. Bxc4 Nxc4 19. Bb4 Re8 20. Rac1 Qd5 21. Ne5 {[%cal Rc1c4]} Nd6 22. Qa6 Rxc1 ({Don't take} 22... Qxd4 23. Nc6 $17) 23. Rxc1 Qxd4 24. Re1 $2 {[#]} (24. Nc6 Qf4 25. Rf1) 24... Nde4 $19 25. Nc6 (25. Nf3 $142 Qxf2+ 26. Kh1) 25... Qxf2+ 26. Kh1 Nc5 (26... Qh4 $142 {( -> ...Ng4)} 27. h3 Nf2+ 28. Kg1 Qg3) 27. Qb5 (27. Qf1 $142 Qxf1+ 28. Rxf1) 27... a6 (27... a5 $142 28. Nxa5 bxa5 29. Qxc5 Ng4 30. Qxf2 Nxf2+ 31. Kg1 axb4 32. Kxf2 bxa3) 28. Qxb6 Nd3 29. Qxf2 Nxf2+ 30. Kg1 Nd3 31. Ra1 Nd5 32. Bd6 Rc8 {Precision: White = 19%, Black = 60%.} 0-1

[Event "22nd OIBM 2018"]
[Site "Gmund am Tegernsee"]
[Date "2018.10.30"]
[Round "4"]
[White "Gohla, Ulf"]
[Black "Souleidis, Georgios"]
[Result "1/2-1/2"]
[WhiteElo "2158"]
[BlackElo "2436"]
[Annotator "TA"]
[PlyCount "68"]
[EventDate "2018.10.27"]
[EventType "swiss"]
[EventCountry "GER"]
[SourceTitle "playchess.com"]
[Source "ChessBase"]
[SourceQuality "1"]

{[%evp 26,68,0,-6,4,0,7,2,30,35,25,25,25,21,20,19,51,49,55,0,0,0,26,0,0,0,0,0,0,0,0,0,0,0,0,0,0,0,0,0,0,0,0,0,0]} 1. d4 Nf6 2. c4 g6 3. Nc3 Bg7 4. e4 d6 5. Be2 O-O 6. Bg5 c5 7. d5 h6 8. Be3 e6 9. h3 exd5 10. exd5 Re8 11. Nf3 Bf5 12. O-O Ne4 {E74: King's Indian: Averbakh Variation: 6...c5} 13. Nxe4 (13. g4 Nxc3 14. bxc3 Be4 15. Rc1 Nd7 16. Qd2 f5 17. Bxh6 fxg4 18. hxg4 Bxf3 19. Bxf3 Ne5 20. Be2 Nxg4 21. Bxg4 {1-0 (39) Vovk,Y (2624)-Ezat,M (2476) Abu Dhabi 2015}) 13... Bxe4 14. Bd3 {LiveBook: 4 Games} Bxd3 15. Qxd3 Nd7 $146 ({Predecessor:} 15... a6 16. Rab1 Nd7 17. b4 b6 18. Qc2 {0-1 (58) Alekseenko,Y (1759)-Hrebenshchykova,Y (1729) Bucha 2016}) 16. Rab1 Qc7 17. b3 a6 18. a4 Re7 19. Bd2 Rae8 20. Rfe1 Ne5 21. Nxe5 Rxe5 22. Bc3 ({White should play} 22. Rxe5 $14 Rxe5 23. Bc3) 22... R5e7 23. Rxe7 Rxe7 24. Bxg7 Kxg7 $11 {[%mdl 4096] Endgame KQR-KQR. The position is equal.} 25. Qc3+ Kg8 26. Re1 Qd8 27. Kf1 Qe8 28. Qd2 (28. a5 {keeps more tension.} Rxe1+ 29. Qxe1 Qd8 30. g3 Qf6 31. Kg2) 28... Rxe1+ 29. Qxe1 Qxe1+ 30. Kxe1 {KP-KP} b6 31. Kd2 Kg7 32. Ke3 f5 33. f4 g5 34. g3 Kg6 {Precision: White = 40%, Black = 71%.} 1/2-1/2

[Event "22nd OIBM 2018"]
[Site "Gmund am Tegernsee"]
[Date "2018.10.30"]
[Round "4"]
[White "Meertens, Martin"]
[Black "Meins, Gerlef"]
[Result "1/2-1/2"]
[WhiteElo "2156"]
[BlackElo "2408"]
[Annotator "TA"]
[PlyCount "35"]
[EventDate "2018.10.27"]
[EventType "swiss"]
[EventCountry "GER"]
[SourceTitle "playchess.com"]
[Source "ChessBase"]
[SourceQuality "1"]

{[%evp 25,29,92,77,63,75,60]} 1. e4 c5 2. Nf3 Nc6 3. d4 cxd4 4. Nxd4 Nf6 5. Nc3 d6 6. Bg5 e6 7. Qd2 a6 8. O-O-O Bd7 9. f3 h6 10. Be3 b5 11. g4 Be7 12. h4 {B66: Sicilian: Richter-Rauzer: 7...a6 8 0-0-0 h6} Rc8 13. Kb1 (13. Bd3 Nxd4 14. Bxd4 b4 15. Ne2 e5 16. Be3 Qa5 17. Kb1 Be6 {1-0 (38) Inarkiev,E (2682)-Usmanov,V (2428) Vladivostok 2014}) 13... Ne5 {LiveBook: 4 Games} 14. Bd3 Nxd3 15. cxd3 {Predecessor:} b4 $146 16. Nce2 e5 17. Nf5 Bxf5 18. gxf5 {1-0 (48) Murdzia,P (2446)-Przewoznik,J (2408) Lubniewice 2003} 1/2-1/2

[Event "22nd OIBM 2018"]
[Site "Gmund am Tegernsee"]
[Date "2018.10.30"]
[Round "4"]
[White "Schaffarczyk, Andre"]
[Black "Morawietz, Dieter"]
[Result "0-1"]
[WhiteElo "2154"]
[BlackElo "2408"]
[Annotator "TA"]
[PlyCount "60"]
[EventDate "2018.10.27"]
[EventType "swiss"]
[EventCountry "GER"]
[SourceTitle "playchess.com"]
[Source "ChessBase"]
[SourceQuality "1"]

{[%evp 16,60,7,20,48,29,41,0,8,-20,-22,-16,-10,-19,-22,-22,-22,-27,-16,-17,-21,-37,-22,-29,-29,-40,-6,-35,-34,-210,-212,-210,-221,-441,-441,-440,-440,-442,-442,-397,-89,-505,-503,-850,-849,-691,-623]} 1. e4 c5 2. Nf3 e6 3. b3 a6 4. Bb2 Nc6 5. g3 d5 6. exd5 {B40: Sicilian: 2...e6, Unusual lines} exd5 7. Qe2+ Qe7 8. Qxe7+ Ngxe7 9. Bg2 {LiveBook: 10 Games} Nf5 $146 ({Predecessor:} 9... Bf5 10. O-O O-O-O 11. Nc3 h6 12. Na4 Ng6 13. d4 Bxc2 {½-½ (29) Nisipeanu,L (2668)-Markus,R (2662) Ortisei 2016}) 10. O-O Be7 11. d3 O-O 12. Nbd2 Be6 13. Rfe1 Rac8 14. a3 Rfd8 15. Ne5 Nxe5 16. Bxe5 Nd4 17. Rac1 Nc6 {[%cal Bd4c6,Bc6b4,Bb4d3][%mdl 32]} 18. Bb2 b5 19. Nf3 a5 20. c4 b4 21. axb4 Nxb4 22. Red1 $2 {[#]} (22. Ne5 $15) 22... dxc4 $1 $19 23. dxc4 Nd3 24. Rb1 $2 (24. Bc3 Nxc1 25. Rxc1) 24... Nxb2 25. Rxd8+ Rxd8 26. Rxb2 Rd1+ 27. Bf1 Bg4 $2 {[#]} (27... Bh3 $1 $19 {[%csl Gh3][%cal Rd1f1] has better winning chances.} 28. Nd2 Bf6) 28. Nd2 $2 {[%mdl 8192]} (28. Re2 $17 Kf8 29. Re3) 28... Bf6 {Black is clearly winning.} 29. Rc2 (29. Ra2 $142 Bc3 30. f3) 29... Bh3 30. g4 h6 {Precision: White = 24%, Black = 66%.} 0-1

[Event "22nd OIBM 2018"]
[Site "Gmund am Tegernsee"]
[Date "2018.10.30"]
[Round "4"]
[White "Schatz, Christian"]
[Black "Slugin, Sergey"]
[Result "1/2-1/2"]
[WhiteElo "2153"]
[BlackElo "2362"]
[Annotator "TA"]
[PlyCount "132"]
[EventDate "2018.10.27"]
[EventType "swiss"]
[EventCountry "GER"]
[SourceTitle "playchess.com"]
[Source "ChessBase"]
[SourceQuality "1"]

{[%evp 11,132,46,48,31,49,43,40,39,56,39,51,47,39,55,42,-26,-7,-14,-24,0,-21,-48,0,0,0,-1,298,254,249,100,114,0,-6,-13,-38,-25,-27,-81,72,79,70,64,170,89,113,101,75,40,48,54,55,43,44,51,52,51,50,53,53,16,248,154,157,159,143,111,128,97,77,65,177,138,260,24,29,34,40,0,0,0,0,0,0,0,0,0,0,0,0,0,0,0,0,0,0,0,0,0,0,0,0,0,0,0,0,0,0,0,0,0,0,0,0,0,0,0,0,0,0,0,0,0,0]} 1. Nf3 g6 2. e4 Bg7 3. d4 d6 4. Bc4 e6 5. Bb3 Ne7 6. O-O Nd7 {LiveBook: 31 Games. B06: Modern Defence} (6... O-O 7. Re1 Nd7 8. c3 a6 9. Nbd2 b5 10. Nf1 c5 11. Ng3 Bb7 12. Bf4 e5 13. Be3 exd4 14. cxd4 {0-1 (40) Grandelius,N (2653)-Dubov,D (2677) Germany 2017}) 7. Bf4 b6 $146 ({Predecessor:} 7... h6 8. c3 O-O 9. Re1 g5 10. Bg3 Ng6 11. h3 e5 12. Nbd2 Nf4 13. Nc4 {1-0 (39) Glienke,M-Feustel,B (2365) Bad Neuenahr 1982}) 8. Nbd2 Bb7 {White is slightly better.} 9. Re1 h6 10. h3 g5 11. Bg3 Ng6 12. c3 h5 13. a4 ({White should play} 13. d5 $14) 13... g4 $11 14. hxg4 $1 hxg4 15. Nh2 Qg5 16. Nc4 Rxh2 17. Bxh2 O-O-O $1 18. Ne3 f5 $2 {[%mdl 8192]} (18... Nf6 $11 {and Black has nothing to worry.}) 19. exf5 exf5 20. Be6 (20. Qd3 $1 $18) 20... Nh4 $16 21. Bg3 ({White should try} 21. Qd3 $1 $16 {[%cal Rd3c4]} f4 22. Nf5 (22. Nxg4 Bxg2 23. Re4 Bxe4 $18)) 21... Rh8 $1 $11 {Hoping for ...Nf3+!} 22. Bxh4 $1 Qxh4 {[%csl Gh8][%cal Rh4h1]} 23. Kf1 $1 g3 24. Ke2 {[#]} (24. fxg3 $1 $11 Qxg3 25. Bxf5) 24... f4 $2 ({But not} 24... gxf2 $6 25. Rh1 $14) (24... Re8 $1 $17 {[%cal Re8e6] keeps the pressure on.} 25. d5 gxf2) 25. Nf5 $16 Qf6 26. d5 ({Of course not} 26. Nxg7 $6 f3+ 27. Kd3 Qxg7 $11) 26... Ba6+ {[#]} (26... Kd8 $14) 27. Kf3 (27. Kd2 $1 $18 gxf2 28. Qg4) 27... Qg5 28. fxg3 fxg3 29. Qc1 Qh5+ 30. Kxg3 Be5+ $1 31. Rxe5 $1 dxe5 32. Qe3 $36 {[%mdl 2048] Black must now prevent a5. White has the initiative.} Kd8 ({Don't blunder} 32... Qh2+ $2 33. Kf2 $16) 33. Qf3 $1 Qh2+ 34. Kf2 Nc5 35. Rd1 {Strongly threatening b4.} Rf8 $2 (35... Qh5 $11) 36. Qg4 {Intending Qg5+ and mate.} Qf4+ 37. Qxf4 exf4 38. Nd4 Ke7 39. Rh1 Kd6 40. Rh7 Ne4+ (40... Nd3+ $14 41. Kg1 Nxb2) 41. Ke1 {aiming for Rd7+.} Bd3 (41... Nc5 $16 {was necessary.} 42. Rh6 Ke5) 42. Nc6 $2 ({Only move:} 42. Rd7+ $18 Ke5 43. Nf3+ Kf6 44. Rxc7) 42... Nf6 43. Rg7 a5 44. b3 Nxd5 {The position is equal.} 45. Bxd5 Kxd5 46. Rd7+ Kxc6 47. Rxd3 $11 {[%mdl 4096] Endgame KR-KR} Rg8 48. Kf2 b5 49. axb5+ Kxb5 50. Rd7 c5 51. Rb7+ Kc6 52. Ra7 c4 53. bxc4 Kb6 54. Rf7 Ra8 {And now ...a4 would win.} 55. Rxf4 a4 {Threatens to win with ...a3.} 56. Ke3 a3 {...a2 is the strong threat.} 57. Rf1 Kc5 (57... a2 $5 58. Ra1 $8 Kc5 $11) 58. Kd3 Rd8+ (58... a2 $5 59. Ra1 $8 Rd8+ 60. Kc2 Rg8 $11) 59. Kc2 Rb8 60. Ra1 Rb2+ 61. Kd3 a2 62. g4 {[%cal Bg2g4,Bg4g5][%mdl 32]} Rg2 63. g5 $1 Rg3+ 64. Kc2 Kxc4 {( -> ...Rg2+)} 65. Rxa2 Rg2+ 66. Kb1 Rxg5 {Precision: White = 48%, Black = 55%.} 1/2-1/2

[Event "22nd OIBM 2018"]
[Site "Gmund am Tegernsee"]
[Date "2018.10.30"]
[Round "4"]
[White "Subramanian, Aditya"]
[Black "Hacker, Jonas"]
[Result "0-1"]
[WhiteElo "2151"]
[BlackElo "2345"]
[Annotator "NA"]
[PlyCount "66"]
[EventDate "2018.10.27"]
[EventType "swiss"]
[EventCountry "GER"]
[SourceTitle "playchess.com"]
[Source "ChessBase"]
[SourceQuality "1"]
[TimeControl "40/5400+30:1800+30"]

1. Nf3 {[%emt 0:00:00]} d5 {[%emt 0:00:00]} 2. c4 {[%emt 0:00:00]} d4 {[%emt 0:00:00]} 3. b4 {[%emt 0:00:00] A09: Réti Opening: 1 Nf3 d5 2 c4} (3. e3 Nc6 4. b4 dxe3 5. fxe3 e5 6. b5 Nb4 7. Nc3 Bf5 8. e4 Bg4 9. a3 Bxf3 10. gxf3 Nd3+ 11. Bxd3 Qxd3 12. Qe2 {1-0 (30) Iturrizaga Bonelli,E (2636)-Xiong,J (2651) chess.com INT 2018}) 3... g5 {[%emt 0:00:00]} 4. Bb2 {[%emt 0:01:21]} Bg7 {[%emt 0:00:00]} 5. Nxg5 {[%emt 0:00:09]} e5 {[%emt 0:00:20]} 6. Ne4 {[%emt 0:00:07]} f5 {[%emt 0:00:22]} 7. Nc5 {[%emt 0:00:06]} b6 {[%emt 0:00:20]} 8. Qa4+ {[%emt 0:00:08]} Kf7 {[%emt 0:00:11]} 9. Nd3 {[%emt 0:00:06]} Ne7 {[%emt 0:01:33]} 10. f4 $146 {[%emt 0:02:00]} ({Predecessor:} 10. e3 e4 {0-1 (47) Shuvalov,E (2241)-Shukh,N (2435) Moscow 2018}) 10... e4 {[%emt 0:05:27]} 11. Ne5+ {[%emt 0:00:07]} Bxe5 {[%emt 0:03:23]} 12. fxe5 {[%emt 0:00:10]} c5 {[%emt 0:07:08]} 13. e3 {[%emt 0:09:25]} Nbc6 {[%emt 0:12:17]} 14. exd4 {[%emt 0:03:03]} cxd4 {[%emt 0:04:47]} 15. Be2 {[%emt 0:19:42]} Nxe5 {[%emt 0:11:01]} 16. c5 {[%emt 0:00:33]} bxc5 {[%emt 0:01:32]} (16... f4 $17 17. O-O f3 18. gxf3 e3) 17. bxc5 {[%emt 0:00:21]} N7c6 {[%emt 0:01:53]} 18. O-O {[%emt 0:06:53]} (18. Na3 $1 $11 {hält das Gleichgewicht.}) 18... Rb8 {[%emt 0:05:31]} 19. Bb5 {[%emt 0:07:37]} Qd5 {[%emt 0:03:26]} 20. Na3 {[%emt 0:02:09]} Be6 {[%emt 0:11:04]} 21. Qd1 {[%emt 0:15:11]} h5 {[%emt 0:04:54]} 22. Rc1 {[%emt 0:08:50]} Qxa2 {[%emt 0:06:14]} 23. Qa4 {[%emt 0:03:17]} Qxb2 {[%emt 0:04:05]} (23... Rxb5 $142 24. Qxb5 Rb8) 24. Bxc6 {[%emt 0:00:42]} Nxc6 $2 {[%emt 0:03:54]} (24... Qxd2 $19 25. Kh1 e3) 25. Nc4 {[%emt 0:00:12]} Bxc4 $1 {[%emt 0:06:09]} 26. Qxc4+ $2 {[%emt 0:00:02] [#]} (26. Qxc6 $11 {and White is okay.} Be6 {[#]} 27. Rxf5+ $3 {[%mdl 512]} Bxf5 28. Rf1) 26... Kg7 $1 {[%emt 0:02:09]} 27. Qe6 {[%emt 0:06:05]} Rh6 {[%emt 0:00:50]} 28. Qxf5 {[%emt 0:00:33]} Qxd2 {[%emt 0:00:55]} 29. Qd7+ {[%emt 0:04:06]} (29. Rb1 $142 Rg6 30. Qxe4 Rxb1 31. Rxb1) 29... Kh8 {[%emt 0:00:31]} 30. Rb1 {[%emt 0:00:10]} Rg8 {[%emt 0:01:37]} 31. Rf2 {[%emt 0:00:15]} Qg5 {[%emt 0:00:23]} 32. Rb7 {[%emt 0:01:21]} e3 $19 {[%emt 0:01:06]} (32... Qc1+ $142 33. Rf1 {[#]} Rxg2+ $1 {[%mdl 512]} 34. Kxg2 Rg6+ 35. Kh3 Qxf1+ 36. Kh4 Qf4+ 37. Kh3 Qf3+ 38. Kh4 Rg4+ 39. Kxh5 Qh3#) 33. Re2 {[%emt 0:00:17]} Qg6 {[%emt 0:00:38]} 0-1

[Event "22nd OIBM 2018"]
[Site "Gmund am Tegernsee"]
[Date "2018.10.30"]
[Round "4"]
[White "Heimerdinger, Joerg"]
[Black "Fischer, Daniel"]
[Result "0-1"]
[WhiteElo "2128"]
[BlackElo "2336"]
[Annotator "ChessBase"]
[PlyCount "72"]
[EventDate "2018.10.27"]
[EventType "swiss"]
[EventCountry "GER"]
[SourceTitle "playchess.com"]
[Source "ChessBase"]
[SourceQuality "1"]
[TimeControl "40/5400+30:1800+30"]

1. e4 {[%emt 0:00:00]} e5 {[%emt 0:00:00]} 2. Nf3 {[%emt 0:00:00]} Nc6 {[%emt 0:00:00]} 3. Bb5 {[%emt 0:00:22]} a6 {[%emt 0:00:00]} 4. Ba4 {[%emt 0:00:12]} Nf6 {[%emt 0:00:07]} 5. Qe2 {[%emt 0:00:19]} b5 {[%emt 0:00:30]} 6. Bb3 {[%emt 0:00:08]} Bc5 {[%emt 0:00:26]} 7. a4 {[%emt 0:00:30]} Na5 {[%emt 0:01:01]} 8. Bxf7+ {[%emt 0:12:55]} Kxf7 {[%emt 0:15:14]} 9. axb5 {[%emt 0:00:53]} c6 {[%emt 0:35:06]} 10. Rxa5 {[%emt 0:20:06]} Qxa5 {[%emt 0:00:51]} 11. Qc4+ {[%emt 0:00:09]} Ke7 {[%emt 0:07:56]} 12. Qxc5+ {[%emt 0:00:55]} d6 {[%emt 0:00:19]} 13. Nxe5 {[%emt 0:09:28]} dxc5 {[%emt 0:02:02]} 14. Nxc6+ {[%emt 0:00:08]} Kf7 {[%emt 0:00:22]} 15. Nxa5 {[%emt 0:00:06]} axb5 {[%emt 0:00:07]} 16. b4 {[%emt 0:02:18]} cxb4 {[%emt 0:04:18]} 17. Nb3 {[%emt 0:00:12]} Nxe4 {[%emt 0:03:41]} 18. d3 {[%emt 0:04:25]} Be6 {[%emt 0:04:16]} 19. Nd4 {[%emt 0:11:12]} Ra1 {[%emt 0:05:55]} 20. dxe4 {[%emt 0:05:28]} Rxb1 {[%emt 0:00:54]} 21. Kd2 {[%emt 0:02:15]} Rd8 {[%emt 0:01:47]} 22. Ke3 {[%emt 0:00:19]} Rc8 {[%emt 0:00:52]} 23. Kd2 {[%emt 0:05:04]} b3 {[%emt 0:03:02]} 24. cxb3 {[%emt 0:02:51]} Bxb3 {[%emt 0:00:11]} 25. Re1 {[%emt 0:01:29]} Rc4 {[%emt 0:02:18]} 26. Kd3 {[%emt 0:04:18]} Rbxc1 {[%emt 0:02:16]} 27. Rxc1 {[%emt 0:00:09]} Rxc1 {[%emt 0:00:05]} 28. Nxb3 {[%emt 0:00:05]} Rh1 {[%emt 0:00:27]} 29. Nd4 {[%emt 0:05:20]} b4 {[%emt 0:02:19]} 30. h3 {[%emt 0:01:10]} Rh2 {[%emt 0:01:06]} 31. Kc4 {[%emt 0:01:03]} Rxg2 {[%emt 0:00:41]} 32. f4 {[%emt 0:01:16]} Rb2 {[%emt 0:02:16]} 33. e5 {[%emt 0:01:43]} g6 {[%emt 0:01:03]} 34. Kd5 {[%emt 0:05:39]} b3 {[%emt 0:01:51]} 35. e6+ {[%emt 0:01:18]} Ke7 {[%emt 0:00:55]} 36. f5 {[%emt 0:01:18]} Rd2 {[%emt 0:00:16]} 0-1

[Event "22nd OIBM 2018"]
[Site "Gmund am Tegernsee"]
[Date "2018.10.30"]
[Round "4"]
[White "Freundorfer, Josef"]
[Black "Hess, Max"]
[Result "0-1"]
[WhiteElo "2114"]
[BlackElo "2326"]
[Annotator "TA"]
[PlyCount "124"]
[EventDate "2018.10.27"]
[EventType "swiss"]
[EventCountry "GER"]
[SourceTitle "playchess.com"]
[Source "ChessBase"]
[SourceQuality "1"]

{[%evp 9,124,-30,-6,-22,-25,-35,-31,-62,-64,-73,-72,-68,-63,-81,-74,-119,-119,-170,-174,-134,-85,-88,-79,-92,-74,-70,-86,-93,-83,-85,-66,-60,-39,-105,-30,-144,-138,-152,-75,-93,-45,-43,-45,-140,-45,-78,0,0,37,0,0,-114,-124,-114,-128,-183,-95,-272,-42,-41,50,0,7,-94,-10,-14,0,0,0,0,0,-9,-13,-21,0,-47,0,-82,-67,-152,-63,-54,-66,-155,-32,-129,-149,-250,-225,-207,-150,-459,-454,-410,-206,-189,-213,-661,-229,-358,-291,-458,-435,-390,-200,-178,-152,-301,-288,-312,-308,-774,-745,-5602,-5366,-1620,-579]} 1. e4 c5 2. Nf3 e6 3. c3 Nf6 4. e5 Nd5 5. c4 (5. d4 cxd4 6. cxd4 d6 7. Bc4 Nc6 8. O-O Be7 9. Qe2 O-O 10. a3 Bd7 11. exd6 Bxd6 12. Nc3 Nce7 13. Ne4 Bc6 14. Ne5 Rc8 15. Rd1 Bb8 16. Ng5 Be8 17. Bd3 Nf6 18. Ngf3 Ned5 19. Bd2 a6 20. Rac1 Rxc1 21. Rxc1 Qb6 22. Nc4 Qd8 23. Nce5 Qb6 24. Nc4 Qd8 {½-½ (24) Vachier Lagrave,M (2789)-Caruana,F (2816) Leuven 2018}) 5... Ne7 {[%cal Bd5e7,Be7g6,Bg6f4,Bf4e2][%mdl 32] LiveBook: 5 Games} 6. b3 {B22: Sicilian: 2 c3} Nbc6 7. Bb2 Ng6 8. Be2 $146 {Black is slightly better.} ({Predecessor:} 8. Na3 Be7 9. h4 f6 10. Bd3 Nf4 11. Bf1 O-O 12. h5 fxe5 {0-1 (52) Udovik,A (2094)-Kachur,A (2261) Ternopil 2006}) 8... d6 {[%cal Rd6e5]} 9. exd6 e5 10. Nc3 Bxd6 11. d3 O-O 12. Nd2 Nf4 $1 {[%cal Rf4g2]} 13. g3 (13. O-O $17) 13... Nxe2 $19 14. Qxe2 Bh3 15. O-O-O Nd4 16. Qe3 Bg2 17. Rhe1 Bc6 18. Nce4 Be7 19. f4 exf4 20. gxf4 Re8 {[#]} 21. Qh3 (21. f5 $1 $15 {[%mdl 512]}) 21... f5 (21... a5 $17 22. Bxd4 Qxd4) 22. Ng3 (22. Bxd4 $1 $11 Qxd4 23. Qxf5) 22... g6 23. Qf1 a5 (23... Qd6 $142 24. Ne2 Bh4 25. Nxd4 Rxe1 26. Rxe1 Bxe1 27. Nxc6 Bxd2+ 28. Kxd2 Qxc6) 24. Ne2 $17 a4 {...Ne6 is the strong threat.} 25. Nxd4 cxd4 26. Kc2 ({White should play} 26. Nf3 $15) 26... Bb4 (26... Qd6 $17 27. Kb1 Bf6 28. bxa4 Bxa4) 27. Rxe8+ Bxe8 (27... Qxe8 $17 28. Re1 Qd8) 28. Nf3 $11 Bc5 29. Qg1 b5 {Hoping for ...axb3+.} 30. Ne5 (30. Bxd4 $11 Bf8 31. Qe3) 30... bxc4 $1 $17 31. Nxc4 Bf7 32. Qf1 (32. Qg2 $17) 32... Qb8 (32... Qd7 $19 33. Qg2 Rb8) 33. Rb1 $2 (33. Qf3 $17) 33... Ra7 $2 (33... Qb4 $19 34. Qe1 axb3+ 35. axb3 Qb7) 34. b4 $1 $15 {[%cal Rb4c5]} Bd6 (34... a3 $15 35. bxc5 axb2 36. Rxb2 Qc7) 35. Bxd4 Rc7 36. Be3 (36. b5 $11) 36... Qc8 ({Don't play} 36... Bxb4 $6 37. Bd2 $11) ({Black should try} 36... Qb5 $17 {[%cal Rf7c4]} 37. Kc3 a3) 37. Kc3 $1 $11 Bf8 {aiming for ...Bg7+.} 38. Bd4 a3 39. Be5 Rb7 40. Rb3 Qc6 41. Bd4 Qa4 {[%cal Rf8b4]} 42. Qb1 Rc7 {[%mdl 1024] Black has compensation.} 43. Be5 (43. Qf1 $11 {remains equal.}) 43... Rc8 $1 $17 44. Qg1 (44. h4 $15) 44... Qc6 (44... Qb5 $17 {[%cal Rf7c4]} 45. Qf1 Be6) 45. Qf1 $1 $15 Qb5 $36 {[%mdl 2048] Black has the initiative.} 46. Qe2 {[#]} (46. h4 $15) 46... Be7 (46... g5 $1 $17 {[%mdl 512]} 47. Rb1 (47. fxg5 Re8) 47... h6) 47. Qf1 ({Better is} 47. Bd4 $15 Bf8 48. h3) 47... g5 $1 $17 48. Rb1 (48. h3 $17) 48... g4 $19 49. Bd4 Rb8 {[%cal Re7b4]} 50. Rb3 $2 (50. Kc2 $17 {is more resistant.}) 50... Bxb4+ 51. Kc2 Qa4 (51... Bxc4 $142 52. dxc4 Rc8) 52. h3 {[#] Threatening hxg4.} Rd8 $1 {[%cal Rd8d4]} 53. Qf2 $2 (53. Be5) 53... Be7 $2 (53... Bxc4 54. dxc4 {[#]} Bc5 $1 {[%mdl 512]}) 54. Kc3 (54. Qe2 $142 Rxd4 55. Qxe7 Rxc4+ 56. dxc4 Qxc4+ 57. Rc3 Qxa2+ 58. Kd3 Qd5+ 59. Ke2) 54... Qc6 {Threatens to win with ...Rxd4!} 55. Rb6 (55. Qe2 {was necessary.} Re8 56. Be5) 55... Qd5 (55... Qh1 $2 56. Qg1 $19) 56. Qe3 Bf8 (56... Bh4 $142 57. Rb1 gxh3 58. Rg1+ Bg6) 57. hxg4 fxg4 58. f5 (58. Qe5 $17 Qxe5 59. fxe5) 58... Qxf5 59. Rf6 Qh5 60. Qf2 $2 (60. Rf4 Rxd4 61. Rxd4) 60... Bg7 {Black is clearly winning.} 61. Nd6 Rxd6 62. Rxd6 Qc5+ $1 {Precision: White = 29%, Black = 37%.} 0-1